| 000 | 00575nam a2200193 i 4500 | ||
|---|---|---|---|
| 001 | 105767 | ||
| 003 | ES-MaACL | ||
| 007 | t| | ||
| 008 | 060823s1962 fr ||||1| fre d | ||
| 080 | _a330.84/.86 | ||
| 100 | 1 |
_aMartinet, Gilles. _977705 |
|
| 245 | 1 | 3 |
_aLe marxisme de notre temps ou les contradictions du socialisme / _cGilles Martinet. |
| 260 |
_aParis : _bRené Julliard, _c[1962] |
||
| 300 |
_a175 p. ; _c20 cm. |
||
| 500 | _aBiblioteca Juan Andrade. | ||
| 650 | 1 | 7 |
_aSocialismo _2embne _917147 |
| 852 |
_aES-MaACL _jAND-584 _bR.109876 |
||
| 999 |
_c105767 _d105767 |
||